| 000 | 00481nam a2200169 a 4500 | ||
|---|---|---|---|
| 001 | 4395 | ||
| 003 | CDMR | ||
| 005 | 20130923100150.0 | ||
| 008 | 130130s1981||||||||||||||||||||||||||||d | ||
| 040 |
_aCDMR _bcat _cCDMR |
||
| 245 | 3 | _aEl periodismo rural en África | |
| 260 |
_aParis _c1981 _bUNESCO |
||
| 490 | 0 |
_aEstudios y documentos de comunicación social _v88 |
|
| 650 | 0 | 4 |
_93647 _aMitjans de comunicació de massa _zÀfrica |
| 650 | 0 | 4 |
_94001 _aPeriodisme _zÀfrica |
| 942 |
_cMON _2udc |
||
| 999 |
_c4395 _d4395 |
||